Make your mind up : my guide to finding your own style, life, and motavation! /

The popular YouTube designer, digital influencer, and "Dancing With the Stars" finalist shares her personal success story as a once-bullied teen while offering hip and edgy advice for achieving an optimal, personalized look and taking charge of one's own life.

Saved in:
Bibliographic Details
Main Author: Mota, Bethany, 1995- (Author)
Format: Book
Language:English
Published: New York : Gallery Books, 2017.
Edition:First Gallery Books hardcover edition.
Subjects:
Tags: Add Tag
No Tags, Be the first to tag this record!
LEADER 01981nam a22004818i 4500
001 015073746-7
005 20171117133637.0
008 170210s2017 nyua 000 0deng
010 |a  2016048082 
020 |a 9781501154492  |q (hardcover) 
020 |a 1501154494  |q (hardcover) 
020 |a 9781501154676  |q (pbk.) 
020 |a 1501154672  |q (pbk.) 
035 |a (YBPMetadataService)99972808944 
035 0 |a ocn964801865 
040 |a DLC  |b eng  |e rda  |c DLC  |d OCLCO  |d OCLCQ  |d OCLCF  |d OQX  |d YDX  |d UOK  |d SRC  |d NZROP 
042 |a pcc 
050 0 0 |a HQ1229  |b .M726 2017 
082 0 0 |a 305.242/2  |2 23 
100 1 |a Mota, Bethany,  |d 1995-  |e author. 
245 1 0 |a Make your mind up :  |b my guide to finding your own style, life, and motavation! /  |c Bethany Mota. 
250 |a First Gallery Books hardcover edition. 
264 1 |a New York :  |b Gallery Books,  |c 2017. 
300 |a xxvi, 210 pages ;  |b color illustrations ;  |c 24 cm 
336 |a text  |b txt  |2 rdacontent 
337 |a unmediated  |b n  |2 rdamedia 
338 |a volume  |b nc  |2 rdacarrier 
520 |a The popular YouTube designer, digital influencer, and "Dancing With the Stars" finalist shares her personal success story as a once-bullied teen while offering hip and edgy advice for achieving an optimal, personalized look and taking charge of one's own life. 
505 0 |a Motivated -- Healthy -- Gorgeous -- Social -- Chill. 
600 1 0 |a Mota, Bethany,  |d 1995- 
600 1 7 |a Mota, Bethany,  |d 1995-  |2 fast  |0 (OCoLC)fst01942598 
650 0 |a Young women  |v Life skills guides. 
650 0 |a Young women  |x Conduct of life. 
650 0 |a Fashion. 
650 0 |a Beauty, Personal. 
650 7 |a Beauty, Personal.  |2 fast  |0 (OCoLC)fst00829396 
650 7 |a Fashion.  |2 fast  |0 (OCoLC)fst00921600 
650 7 |a Young women.  |2 fast  |0 (OCoLC)fst01183301 
650 7 |a Young women  |x Conduct of life.  |2 fast  |0 (OCoLC)fst01183306 
655 7 |a Life skills guides.  |2 fast  |0 (OCoLC)fst01423810 
899 |a 285_473354 
988 |a 20170726 
906 |0 DLC